Resistencia de materiales

Spremljeno u:
Bibliografski detalji
Glavni autor: Singer, Ferdinand L (Autor)
Format: Knjiga
Jezik:španjolski
Izdano: Ciudad de México Harla 1971
Teme:
Oznake: Dodaj oznaku
Bez oznaka, Budi prvi tko označuje ovaj zapis!

MARC

LEADER 00000nam a2200000 a 4500
001 UCV4302
003 CL-VaPUC
008 910522e19710000MX |||||||||||||||||spa|d
082 0 4 |a 620.112  |b SIN  |2 21 
100 0 |a Singer, Ferdinand L  |e author  |9 298627 
245 1 0 |a Resistencia de materiales 
300 |a 636 p 
942 |c BK 
945 |d 19910522 00:00:00 
260 |a Ciudad de México  |b Harla  |c 1971 
650 0 |a Resistencia de materiales  |9 260095 
583 |a last modification  |c 19910522 00:00:00  |k Rodrigo Vera 
999 |c 211213  |d 211211 
952 |0 0  |1 0  |4 0  |6 620_112000000000000_SIN_1971  |7 0  |8 A  |9 189664  |a BIBING  |b BIBING  |d 2019-11-14  |i 2573210  |o 620.112 SIN 1971  |p 2573210  |r 2025-01-20  |w 2019-11-14  |y BK  |k ING